Increasing Regulatory Fairness Act of 2015 : report (to accompany H.R. 2507) (including cost estimate of the Congressional Budget Office).

Bibliographic Details
Corporate Author: United States. Congress. House. Committee on Ways and Means (Author)
Format: Government Document eBook
Language:English
Published: [Washington, D.C.] : [U.S. Government Publishing Office], [2015]-
Series:Report / 114th Congress, 1st session, House of Representatives ; 114-159
Subjects:
Online Access:PDF version:
Text version:
PDF version:
Text version:

MARC

Tag First Indicator Second Indicator Subfields
LEADER 00000cam a2200000 i 4500
001 in00003597813
005 20210430154613.0
006 m o d f
007 cr |||||||||||
008 150618m20159999dcu o f000 0 eng c
035 |a (OCoLC)ocn911181530 
042 |a pcc 
043 |a n-us--- 
040 |a GPO  |b eng  |e rda  |e pn  |c GPO  |d GPO  |d STF  |d COO  |d OCLCO  |d UBY  |d OCLCO  |d OCLCF  |d GPO  |d MvI 
049 |a WWW 
050 1 4 |a KF32  |b .W3 2015z 
074 |a 1008-I (online) 
086 0 |a Y 1.1/8:114-159/ 
110 1 |a United States.  |b Congress.  |b House.  |b Committee on Ways and Means,  |e author. 
245 1 0 |a Increasing Regulatory Fairness Act of 2015 :  |b report (to accompany H.R. 2507) (including cost estimate of the Congressional Budget Office). 
264 1 |a [Washington, D.C.] :  |b [U.S. Government Publishing Office],  |c [2015]- 
300 |a 1 online resource (volumes). 
336 |a text  |b txt  |2 rdacontent 
337 |a computer  |b c  |2 rdamedia 
338 |a online resource  |b cr  |2 rdacarrier 
490 1 |a Report / 114th Congress, 1st session, House of Representatives ;  |v 114-159 
500 |a Title from title screen (viewed on June 18, 2015). 
500 |a "June 16, 2015"--Pt. 1. 
650 0 |a Medical fees  |x Law and legislation  |z United States. 
650 0 |a Transparency in government  |x Law and legislation  |z United States. 
650 0 |a Medicare  |x Law and legislation. 
650 7 |a Medical fees  |x Law and legislation.  |2 fast  |0 (OCoLC)fst01014120 
650 7 |a Medicare  |x Law and legislation.  |2 fast  |0 (OCoLC)fst01014839 
650 7 |a Transparency in government  |x Law and legislation.  |2 fast  |0 (OCoLC)fst01767743 
651 7 |a United States.  |2 fast  |0 (OCoLC)fst01204155 
655 7 |a Legislative materials.  |2 lcgft 
655 7 |a Legislative materials.  |2 fast  |0 (OCoLC)fst01774285 
776 0 8 |i Print version:  |a United States. Congress. House. Committee on Ways and Means.  |t Increasing Regulatory Fairness Act of 2015  |w (OCoLC)911492552 
776 0 8 |i Microfiche version:  |a United States. Congress. House. Committee on Ways and Means.  |t Increasing Regulatory Fairness Act of 2015  |w (OCoLC)925530563 
810 1 |a United States.  |b Congress.  |b House.  |t Report ;  |v 114-159. 
856 4 0 |3 PDF version:  |u https://purl.fdlp.gov/GPO/gpo58468  |t 0 
856 4 0 |3 Text version:  |u https://purl.fdlp.gov/GPO/gpo58469  |t 0 
856 4 0 |3 PDF version:  |u http://purl.fdlp.gov/GPO/gpo58468  |t 0 
856 4 0 |3 Text version:  |u http://purl.fdlp.gov/GPO/gpo58469  |t 0 
999 f f |s 20b10e1c-d012-3d23-894d-90e9170d652e  |i 1352f74a-e2bb-3627-977b-8c83a5c6a7f3  |t 0 
952 f f |a Texas A&M University  |b College Station  |c Electronic Resources  |d Available Online  |t 0  |e Y 1.1/8:114-159/  |h Superintendent of Documents classification 
998 f f |a Y 1.1/8:114-159/  |t 0  |l Available Online